[Четиридесети] 40 международен фестивал Мартенски музикални дни: Програма (Запис номер 446912)
[ съкратено ]
| 000 -Лидер | |
|---|---|
| Контролно поле с фиксирана дължина | nkm a22 a 4500 |
| 003 - Код на организацията, давaща контролен номер | |
| Контролно поле | BLK |
| 005 - Дата и час на последна редакция | |
| Контролно поле | 20220302113406.0 |
| 008 - Елементи от данни с фиксирана дължина | |
| fixed length control field | 220302b bu ||||| |||| 00| 0|bu d |
| 040 ## - Източник на каталожния запис | |
| Идентификатор на билиотеката - собственик на записа | BLK |
| 041 ## - Код за език | |
| Код за езика на текст/звукозапис или на отделно заглавие | Български |
| Код за езика КДБФ | Български |
| 080 ## - УДК | |
| Текстов определител УДК | Фестивали, музикални празнества |
| УДК код - определител по УДК | 7.091.4 |
| УДК определител | (084.5) |
| УДК - код + определител | 7.091.4(084.5) |
| 110 2# - Редна дума - колетивен орган | |
| 9 (RLIN) | 2480 |
| Редна дума - наименование на организация или юридическо лице | Международен фестивал Мартенски музикални дни. Русе |
| Друга информация | 40, 17-31 март 2000 |
| 245 ## - Сведения за заглавието | |
| Заглавие | [Четиридесети] 40 международен фестивал Мартенски музикални дни: Програма |
| Подзаглавни данни | 17 - 31 март 2000 |
| Физически носител (вид на носителя) | [Изобразителен материал] |
| Форма, вид, жанр | Плакат |
| 260 ## - Област на издателските данни | |
| Място на издаване, разпространение и проч. | Русе |
| Име на издателя, разпространителя и проч. | б. и. |
| Година на издаване | 2000 |
| 300 ## - Физическа характеристика | |
| Страници | 1 л. |
| Илюстрации и др. | цв. печ. |
| Размери/Мащаб | 95х67 см |
| 380 ## - Жанр | |
| Жанр | Изкуство |
| 651 #7 - Допълнително описание по предмет - топоним | |
| 9 (RLIN) | 179462 |
| Географско понятие | Русе |
| 653 #7 - Ключова дума – ненормативна | |
| 9 (RLIN) | 191552 |
| Ключова дума | музикални фестивали |
| 653 #7 - Ключова дума – ненормативна | |
| 9 (RLIN) | 190575 |
| Ключова дума | Мартенски музикални дни |
| 852 ## - Местоположение | |
| Форматна сигнатура | Цб V 114 |
| Фондова буква | Хранилище |
| 999 ## - СИСТЕМНИ КОНТРОЛНИ НОМЕРА | |
| Koha biblionumber | 446912 |
| Koha biblioitemnumber | 446912 |
| 942 ## - АРТИКУЛИ | |
| Вид на библиотечния материал | Листова графика |
| Скрит в OPAC | Не |
| Периодичен библиозапис | Да |
| 944 ## - СЪЗДАВАНЕ И РЕДАКЦИЯ на ЗАПИСА | |
| Създаване/Редакция | Създаване |
| Дата на регистрацията/редакция | 2022-03-02 |
| Служител, извършил регистрацията/редакцията | А.М. |
| Код за отписване | Код за изгубен артикул | Източник на класификационната схема | Код за повреда | Коз за рестрикции | Код за отдаване | Артикулен № | Име на библиотеката - собственик | Име на библиотеката, в която се намира в момента | Статус (Текущо местоположение) | Дата на вписване в системата | Местоположение - отдел | Цена в лева | Систематично азбучна сигнатура | Баркод | Цена в евро | Служебен тип на артикула |
|---|---|---|---|---|---|---|---|---|---|---|---|---|---|---|---|---|
| Не е изгубен | Universal Decimal Classification | Не е повреден | само за читалня | ползва се в читалня | 874255 | Регионална библиотека "Любен Каравелов" Русе | Регионална библиотека "Любен Каравелов" Русе | Хранилище | 2022-03-09 | Основен фонд - ползва се само за читалня | 10.00 | Цб V 114 | 120000867620 | 5.11 | Листова графика |